000 00882nam a2200229 i 4500
001 31425
003 ES-MaACL
005 20251204171147.0
007 t|
008 030129s1972 sp ||||1| spa d
100 1 _aBauer, Otto.
_926560
245 1 0 _aFascismo y capitalismo
_b: teoría sobre los orígenes sociales y la función del fascismo /
_cOtto Bauer, Herbert Marcuse, Arthur Rosenberg ; selección de Wolfgang Abendroth ; introducción de Kurt Kliem ; [traducción de José A. Bravo].
260 _aBarcelona :
_bMartínez Roca,
_c[1972]
300 _a193 p. ;
_c20 cm.
700 0 _aMarcuse, Herbert,
_d1898-1979
_976559
700 1 _aRosenberg, Arthur.
_999721
700 1 _aAbendroth, Wolfgang,
_918084
700 1 _aKliem, Kurt.
_968255
700 _aBravo, José Antonio
_9198639
852 _aES-MaACL
_jC-43188
_bR.82187
999 _c31425
_d31425